Представление документа в формате RUSMARC

ПолеНазваниеЗначение
  Тип записи i
  Библиографический уровень m
001 Контрольный номер RU/IS/BASE/418388937
005 Дата корректировки 20250218095752.7
010 Индекс ISBN __
d Цена 178-85; 275-40
100 Данные общей обработки __
a Данные общей обработки 19141118d2012||||||| 0rusy0189 ca
101 Язык документа 0_
a Язык текста rus
102 Страна публикации __
a Страна публикации ru
105 Кодированные данные (монография) __
a Кодированные данные (монография) an|||||||||zy
127 Кодированные данные (звукозаписи-физические характеристики) __
a Продолжительность проигрывания 12 ч
200 Заглавие и сведения об ответственности 1_
a Заглавие Новый дозор
e Сведения, относящиеся к заглавию [фантастический роман : аудиокнига : 12+]
f Первые сведения об ответственности Сергей Лукьяненко ; [читает Иван Литвинов]
b Общее обозначение материала Звукозапись
210 Выходные данные 1_
a Место издания Москва
c Издательство Аудиокнига
c Издательство Астрель
d Дата издания 2012
215 Физическое описание __
a Объем 1 электрон. опт. диск (Audio CD)
225 Серия 2_
a Серия Наша фантастика
230 Специфическая характеристика материала: электронные ресурсы __
a Обозначение и объем ресурса Электронные звуковые данные
323 Примечание о главных создателях, исполнителях, участниках __
a Примечание о главных создателях, исполнителях, участниках Литвинов, И. (читает)
330 Аннотация __
a Аннотация Действие книги происходит в 2012 году. И в ней раскрывается сущность Сумрака. Антон, провожая в аэропорту высокопоставленного гостя из иностранного дозора, натыкается на 10-летнего мальчика Кешу, страдающего лишним весом, который устроил истерику в аэропорту, утверждая, что их самолёт упадет. Антон, посмотрев его ауру, видит в нём неинициированного Иного высокого уровня…
333 Примечание о целевом назначении __
a Примечание о целевом назначении 12+. Для детей старше 12 лет
337 Примечание о системных требованиях (электронные ресурсы) __
a Примечание о системных требованиях (электронные ресурсы) Системные требования: 128 kbps ; CD-плеер с поддержкой MP3 или Pentium-233 с Windows 9x-XP ; CD-ROM ; звуковая карта
606 Тематические рубрики __
a Основная рубрика Художественная литература
606 Тематические рубрики __
a Основная рубрика Современная русская литература (произведения)
610 Ключевые слова 0_
a Ключевые слова Антон Городецкий
a Ключевые слова литературные герои
a Ключевые слова литературные персонажи
a Ключевые слова романы
a Ключевые слова тема добра
a Ключевые слова тема зла
a Ключевые слова тема любви
a Ключевые слова тема мистики
a Ключевые слова фантастика
a Ключевые слова фантастические романы
a Ключевые слова фэнтези
a Ключевые слова фэнтези
686 Индексы других классификаций __
a Классификационный индекс 84(2=411.2)6-445я04; ст84(2Рос=Рус)6-445я0
700 Автор _1
a Фамилия Лукьяненко
b Имя С. В.
f Даты 1968-
g Полное личное имя Сергей Васильевич
4 Код отношения 070
801 Источник записи _0
a Страна ru
b Организация Муниципальное бюджетное учреждение культуры "Централизованная библиотечная система" г. Сургут (Центральная городская библиотека им. А. С. Пушкина)
c Дата составления 20141118
g Правила каталогизации КиК/Апакова
801 Источник записи _1
a Страна ru
b Организация Муниципальное бюджетное учреждение культуры "Централизованная библиотечная система" г. Сургут (Центральная городская библиотека им. А. С. Пушкина)
c Дата составления 20141118
g Правила каталогизации КиК/Апакова
852 Данные о местонахождении __
j Шифр хранения 84(2=411.2)6-445я04
i Авторский знак Л 84
901 Тип документа __
t Тип документа 0
903 Характеристики (МАРС) __
a Дата передачи 20141118; 20130404
969 Тип издания __
a Тип издания аудиокнига; издание для слепых
990 Данные о заказе (DOS) __
j Количество экземпляров (DOS) 1; 8
h N записи в КСУ для Б/У (DOS) 201304
t N записи в КСУ для И/У (DOS) 201411